Pas de refrain - Freeze Corleone, Kaki Santana - Statistiques

Statistiques générales
  • Ce quiz a été pris 7 fois
    6 depuis la dernière actualisation
  • Le résultat moyen est 287 sur 445
Statistiques - réponses
Hint Réponse % Correct
6
100%
7
100%
à
100%
a
100%
Couplet unique (Freeze Corleone - Kaki Santa) Askip
100%
con
100%
de
100%
des
100%
deux
100%
est
100%
et
100%
faire
100%
G
100%
Kaki
100%
mon
100%
Mon
100%
ne
100%
négro
100%
Négro
100%
OBS
100%
on
100%
On
100%
pas
100%
Pas
100%
prendre
100%
princesses
100%
Sale
100%
S/o
100%
s/o
100%
tu
100%
Tu
100%
un
100%
veux
100%
viens
100%
voir
100%
667
75%
addition
75%
ai
75%
années
75%
avec
75%
Avec
75%
balles
75%
bien
75%
bitch
75%
ça
75%
carrés
75%
c'est
75%
comme
75%
dans
75%
dommage
75%
fais
75%
fond
75%
fou
75%
j'ai
75%
J'ai
75%
j'arrive
75%
Je
75%
je
75%
La
75%
75%
la
75%
le
75%
les
75%
l'faire
75%
ouais
75%
peinture
75%
pincettes
75%
plus
75%
pour
75%
que
75%
rappes
75%
rimes
75%
salée
75%
sera
75%
ta
75%
t'a
75%
ton
75%
tos-ma
75%
tout
75%
traîne
75%
trop
75%
VIP
75%
v'là
75%
1-7
50%
20-20
50%
9-1-1
50%
Antetou'
50%
arrive
50%
Blindé
50%
boxe
50%
codes
50%
coffre
50%
concurrence
50%
connais
50%
connasse
50%
contre
50%
cops
50%
Corleone - Kaki
50%
croques
50%
dis-moi
50%
dur
50%
faisait
50%
fait
50%
fils
50%
foutu
50%
fromage
50%
fuck
50%
fufu
50%
il
50%
insectes
50%
j'l'ai
50%
j'les
50%
Intro (Freeze Corleone - Kaki Santana) Kaki - Corleone
50%
l'argent
50%
l'cul
50%
l'fer
50%
maléfices
50%
me
50%
opps
50%
paille
50%
pain
50%
par
50%
parés
50%
plusieurs
50%
potes
50%
pourquoi
50%
p'tit
50%
quand
50%
quoiqu'il
50%
rendu
50%
rien
50%
Si
50%
si
50%
sommes
50%
sorts
50%
taré
50%
toi
50%
trous
50%
vite
50%
vois
50%
au
25%
bigo
25%
cané
25%
chaque
25%
clan
25%
coffres
25%
Colis
25%
collages
25%
Cons'
25%
décollage
25%
découpe
25%
déjà
25%
dirait
25%
dommages
25%
en
25%
équipe
25%
Fantôme
25%
FLRG
25%
fois
25%
Fox
25%
gaz
25%
godasses
25%
gommage
25%
han
25%
j'allume
25%
j'en
25%
j'qué-ni
25%
l'équipe
25%
MC
25%
Menace
25%
mère
25%
mes
25%
mets
25%
n'est
25%
OX
25%
pagaille
25%
paw
25%
pétasse
25%
Poste
25%
qu'au
25%
quitte
25%
qu'j'bombarde
25%
qu'j'suis
25%
Rayane
25%
sauvage
25%
six
25%
Snakes
25%
suis
25%
sur
25%
te
25%
terrain
25%
tox'
25%
v'-esqui
25%
y'a
25%
Beretta
0%
fligués
0%
flingué
0%
fusées
0%
ginks
0%
Instrus
0%
j'cause
0%
j'veux
0%
kits
0%
l'micro
0%
menaces
0%
mesure
0%
Pédé
0%
péter
0%
pétou
0%
Posé
0%
qu'j'prends
0%
sérieux
0%
une
0%
Vrai
0%
Aucun quiz correspondant
Distribution des résultats
% des personnes avec chaque résultat
Percentile par nombre de réponses
Votre historique - résultats
Vous n’avez pas pris ce quiz depuis la dernière actualisation